| 000 | 00545nam a2200193Ia 4500 | ||
|---|---|---|---|
| 003 | OSt | ||
| 005 | 20251106174929.0 | ||
| 008 | 210423s2002 xx 000 0 und d | ||
| 040 | _cAL | ||
| 041 | _aEnglish | ||
| 082 |
_a362.19 _bPANL |
||
| 100 |
_aSamiran Panda _9121067 |
||
| 245 |
_aLiving with the AIDS virus _b: the epidemic and the response in india |
||
| 260 |
_bSage Publications _c2002 |
||
| 300 |
_a204p. _bPB _c21.5cn, |
||
| 365 |
_b250 _cINR |
||
| 906 | _aAIDS ; epidemic ; india. ; Living ; response ; virus: | ||
| 942 |
_2ddc _cBK |
||
| 999 |
_c173828 _d173828 |
||